000 00817nam a2200217 i 4500
001 bg
245 0 0 _aDeterminanty funkcjonowania mechanizmu rozwoju /
_cInstytut Rozwoju i Studiów Strategicznych.
260 _aWarszawa :
_bIRiSS,
_c1997.
300 _a96 s. :
_bwykr. ;
_c25 cm.
490 1 _aRaporty / Instytut Rozwoju i Studiów Strategicznych,
_x1230-2848 ;
_v57
650 9 _aMikroekonomia
_xzagadnienia
650 9 _aPrzedsiębiorstwo
_xekonomika
_xbadanie
_zPolska
_yod 1989 r.
650 9 _aPraca
_xekonomika
_zPolska
_yod 1989 r.
650 9 _aPapiery wartościowe
_xinwestycje
_zPolska
830 0 _aRaporty (Instytut Rozwoju i Studiów Strategicznych) ;
_v57
040 _cBPK
041 0 _apl
080 _a330.342.172:658.1/.5:331:336.76](438)
942 _cKS
008 s pl f |000 0 pol
999 _c32672
_d32672
856 _uhttp://koha.tu.koszalin.pl/cgi-bin/koha/opac-detail.pl?biblionumber=32672
_yKatalog online BPK